| 000 | 00491nam a22001817a 4500 | ||
|---|---|---|---|
| 003 | CEME | ||
| 005 | 20210628210614.0 | ||
| 008 | 210210b xxu||||| |||| 00| 0 eng d | ||
| 020 | _a0-07-029372-4 | ||
| 040 | _c. | ||
| 082 | _a515 HOF | ||
| 100 |
_aBradley, Gerald.L Hoffmann, Laurence.D _963274 |
||
| 245 | _aCalculus for business, ecomomics, and the social and life sciences | ||
| 250 | _a6TH | ||
| 260 |
_aBOSTAN _bMCGRAW HILL _c1996 |
||
| 650 |
_aCALCULUS _912728 |
||
| 942 |
_cBK _2ddc |
||
| 999 |
_c585109 _d585109 |
||